[Event "4th EFE Metz Festival-IM"]
[Site "Metz"]
[Date "2018.07.24"]
[Round "3"]
[White "Mohota, Nisha"]
[Black "Stephan, Victor"]
[Result "1/2-1/2"]
[WhiteElo "2265"]
[BlackElo "2356"]
[Annotator "NA"]
[PlyCount "104"]
[EventDate "2018.07.22"]
[EventType "tourn"]
[EventCountry "FRA"]
[SourceTitle "playchess.com"]
[Source "ChessBase"]
[SourceQuality "1"]
[TimeControl "5400+30"]

1. e4 e5 {[%emt 0:00:58]} 2. Nf3 {[%emt 0:00:00]} Nf6 {[%emt 0:00:10]} 3. Nxe5 {[%emt 0:02:41]} d6 {[%emt 0:00:11]} 4. Nf3 {[%emt 0:00:02]} Nxe4 {[%emt 0:00:13]} 5. Nc3 {[%emt 0:00:06]} Nxc3 {[%emt 0:01:17]} 6. dxc3 {[%emt 0:00:03]} Nc6 {[%emt 0:00:16]} 7. Be3 {[%emt 0:01:45]} Be7 {[%emt 0:00:23]} 8. Qd2 {[%emt 0:00:03]} Be6 {[%emt 0:00:25]} 9. b3 {[%emt 0:06:42]} Qd7 {[%emt 0:05:26]} 10. O-O-O {[%emt 0:01:24]} O-O {[%emt 0:07:05]} 11. Bg5 {[%emt 0:06:42]} Rfe8 {[%emt 0:05:56]} 12. h3 {[%emt 0:06:13]} Rad8 {[%emt 0:09:27]} 13. Kb2 {[%emt 0:09:30]} Ne5 {[%emt 0:09:11]} 14. Nd4 {[%emt 0:05:47]} Bxg5 {[%emt 0:03:18]} 15. Qxg5 {[%emt 0:00:10]} h6 {[%emt 0:09:34]} 16. Qg3 {[%emt 0:01:37]} Qe7 {[%emt 0:00:51]} 17. f4 {[%emt 0:02:04]} Nc6 {[%emt 0:02:40]} 18. Nxc6 {[%emt 0:11:58]} bxc6 {[%emt 0:00:07]} 19. Ba6 {[%emt 0:00:19]} Qf6 {[%emt 0:03:48]} 20. Rhe1 {[%emt 0:02:07]} Rb8 {[%emt 0:06:15]} 21. Qf2 {[%emt 0:02:14]} c5 {[%emt 0:00:48]} 22. Qf1 {[%emt 0:02:32]} Bd7 {[%emt 0:03:48]} 23. Rxe8+ {[%emt 0:08:27]} Rxe8 {[%emt 0:00:52]} 24. Qf3 {[%emt 0:04:36]} c6 {[%emt 0:03:43]} 25. Bd3 {[%emt 0:05:53]} d5 {[%emt 0:01:31]} 26. Qf2 {[%emt 0:00:42]} d4 {[%emt 0:03:19]} 27. c4 {[%emt 0:07:07]} Re3 {[%emt 0:01:48]} 28. Kb1 {[%emt 0:06:04]} Bf5 {[%emt 0:02:39]} 29. g4 {[%emt 0:02:29]} Bxd3 {[%emt 0:00:55]} 30. Rxd3 {[%emt 0:00:07]} Qe7 {[%emt 0:01:05]} 31. Qg2 {[%emt 0:04:31]} Qd6 {[%emt 0:06:51]} 32. f5 {[%emt 0:01:01]} Re1+ {[%emt 0:01:22]} 33. Kb2 {[%emt 0:00:01]} Qf4 {[%emt 0:00:08]} 34. Qd2 {[%emt 0:00:42]} Qe4 {[%emt 0:01:29]} 35. Qa5 {[%emt 0:01:05]} Re2 {[%emt 0:01:32]} 36. Rd2 {[%emt 0:00:02]} Rxd2 {[%emt 0:01:23]} 37. Qxd2 {[%emt 0:00:02]} Kh7 {[%emt 0:01:13]} 38. Qh2 {[%emt 0:00:39]} Qe3 {[%emt 0:01:01]} 39. Qg2 {[%emt 0:00:26]} Qc3+ {[%emt 0:03:17]} 40. Kb1 {[%emt 0:00:02]} a5 {[%emt 0:01:32]} 41. Qxc6 {[%emt 0:00:06]} Qe1+ {[%emt 0:02:07]} 42. Kb2 {[%emt 0:00:01]} Qc3+ {[%emt 0:00:06]} 43. Kb1 {[%emt 0:00:01]} a4 {[%emt 0:00:57]} 44. Qxc5 {[%emt 0:01:33]} d3 {[%emt 0:00:37]} 45. cxd3 {[%emt 0:00:14]} axb3 {[%emt 0:00:31]} 46. axb3 {[%emt 0:00:07]} Qxb3+ {[%emt 0:00:03]} 47. Ka1 {[%emt 0:00:39]} Qc3+ {[%emt 0:00:37]} 48. Ka2 {[%emt 0:00:12]} Qc2+ {[%emt 0:00:25]} 49. Ka1 Qc3+ 50. Ka2 {[%emt 0:02:27]} Qc2+ {[%emt 0:00:04]} 51. Ka1 {[%emt 0:01:12]} Qc3+ {[%emt 0:00:04]} 52. Ka2 {[%emt 0:00:02]} Qc2+ {[%emt 0:00:05]} 1/2-1/2

[Event "4th EFE Metz Festival-IM"]
[Site "Metz"]
[Date "2018.07.25"]
[Round "4"]
[White "Mohammad, Fahim"]
[Black "Mohota, Nisha"]
[Result "0-1"]
[WhiteElo "2383"]
[BlackElo "2265"]
[Annotator "NA"]
[PlyCount "66"]
[EventDate "2018.07.22"]
[EventType "tourn"]
[EventCountry "FRA"]
[SourceTitle "playchess.com"]
[Source "ChessBase"]
[SourceQuality "1"]
[TimeControl "5400+30"]

1. d4 {[%emt 0:42:13]} Nf6 {[%emt 0:00:14]} 2. Nf3 {[%emt 0:00:04]} c5 {[%emt 0:01:50]} 3. d5 {[%emt 0:01:03]} b5 {[%emt 0:00:08]} 4. Bg5 {[%emt 0:00:15]} Qb6 {[%emt 0:00:19]} 5. Bxf6 {[%emt 0:04:33]} Qxf6 {[%emt 0:00:26]} 6. c3 {[%emt 0:00:13]} Qb6 {[%emt 0:00:15]} 7. e4 {[%emt 0:00:28]} d6 {[%emt 0:00:59]} 8. h3 {[%emt 0:00:58]} g6 {[%emt 0:00:43]} 9. Nbd2 {[%emt 0:01:07]} Bg7 {[%emt 0:02:17]} 10. Qc2 {[%emt 0:02:00]} O-O {[%emt 0:02:59]} 11. a4 {[%emt 0:01:30]} bxa4 {[%emt 0:09:49]} 12. Nc4 {[%emt 0:02:52]} Qc7 {[%emt 0:01:05]} 13. Rxa4 {[%emt 0:02:23]} e6 {[%emt 0:07:34]} 14. Ne3 {[%emt 0:05:04]} Nd7 {[%emt 0:01:03]} 15. Ra2 {[%emt 0:03:39]} Nb6 {[%emt 0:01:29]} 16. Be2 {[%emt 0:03:17]} exd5 {[%emt 0:04:22]} 17. Nxd5 {[%emt 0:02:38]} Nxd5 {[%emt 0:01:03]} 18. exd5 {[%emt 0:00:05]} Bf5 {[%emt 0:08:15]} 19. Qd2 {[%emt 0:01:14]} Be4 {[%emt 0:02:22]} 20. O-O {[%emt 0:03:25]} Qb7 {[%emt 0:00:03]} 21. Rd1 {[%emt 0:04:10]} Rfe8 22. Ba6 {[%emt 0:03:39]} Qb3 {[%emt 0:07:14]} 23. Ra3 {[%emt 0:01:33]} Qb6 {[%emt 0:00:10]} 24. Ne1 {[%emt 0:02:23]} Rab8 {[%emt 0:00:34]} 25. b3 {[%emt 0:00:37]} Qd8 {[%emt 0:03:02]} 26. Bf1 {[%emt 0:07:16]} Qf6 {[%emt 0:01:37]} 27. b4 {[%emt 0:02:09]} Re5 {[%emt 0:05:01]} 28. Bc4 {[%emt 0:02:28]} cxb4 {[%emt 0:00:58]} 29. cxb4 {[%emt 0:00:07]} Qh4 {[%emt 0:00:23]} 30. f3 {[%emt 0:00:38]} Bf5 {[%emt 0:00:35]} 31. Bf1 {[%emt 0:00:37]} Bh6 {[%emt 0:04:02]} 32. Qb2 {[%emt 0:00:51]} Rxe1 {[%emt 0:00:40]} 33. Rxe1 {[%emt 0:00:16]} Qxe1 {[%emt 0:00:11]} 0-1

[Event "4th EFE Metz Festival-IM"]
[Site "Metz"]
[Date "2018.07.25"]
[Round "4"]
[White "Stephan, Victor"]
[Black "Haast, Mark"]
[Result "1/2-1/2"]
[WhiteElo "2356"]
[BlackElo "2356"]
[Annotator "NA"]
[PlyCount "161"]
[EventDate "2018.07.22"]
[EventType "tourn"]
[EventCountry "FRA"]
[SourceTitle "playchess.com"]
[Source "ChessBase"]
[SourceQuality "1"]
[TimeControl "5400+30"]

1. d4 {[%emt 0:00:00]} Nf6 {[%emt 0:00:00]} 2. c4 {[%emt 0:00:00]} e6 {[%emt 0:00:01]} 3. Nc3 {[%emt 0:00:10]} Bb4 {[%emt 0:00:15]} 4. e3 {[%emt 0:00:18]} O-O {[%emt 0:00:20]} 5. Nge2 {[%emt 0:00:12]} Re8 {[%emt 0:00:14]} 6. a3 {[%emt 0:00:12]} Bf8 {[%emt 0:00:09]} 7. Ng3 {[%emt 0:00:30]} d5 {[%emt 0:00:56]} 8. Be2 {[%emt 0:00:14]} dxc4 {[%emt 0:05:32]} 9. O-O {[%emt 0:06:37]} a6 {[%emt 0:02:58]} 10. Bxc4 {[%emt 0:00:42]} c5 {[%emt 0:04:28]} 11. dxc5 {[%emt 0:06:05]} Qxd1 {[%emt 0:00:27]} 12. Rxd1 {[%emt 0:00:33]} Bxc5 {[%emt 0:00:08]} 13. b4 {[%emt 0:05:49]} Be7 {[%emt 0:00:27]} 14. Be2 {[%emt 0:04:34]} Bd7 {[%emt 0:01:51]} 15. Bb2 {[%emt 0:05:51]} Bc6 {[%emt 0:01:00]} 16. Rac1 {[%emt 0:13:27]} Nbd7 {[%emt 0:01:53]} 17. e4 {[%emt 0:02:54]} Red8 {[%emt 0:07:19]} 18. f3 {[%emt 0:00:22]} Ne8 {[%emt 0:02:57]} 19. f4 {[%emt 0:04:09]} Rac8 {[%emt 0:12:01]} 20. b5 {[%emt 0:02:24]} Bc5+ {[%emt 0:05:07]} 21. Kf1 {[%emt 0:03:58]} axb5 {[%emt 0:00:14]} 22. Nxb5 {[%emt 0:00:06]} Be3 {[%emt 0:01:15]} 23. Rc3 {[%emt 0:00:27]} Bxf4 {[%emt 0:02:49]} 24. Na7 {[%emt 0:00:49]} Rc7 {[%emt 0:01:53]} 25. Nxc6 {[%emt 0:02:37]} bxc6 {[%emt 0:01:00]} 26. Rcd3 {[%emt 0:02:33]} Bxg3 {[%emt 0:07:42]} 27. Rxg3 {[%emt 0:03:45]} Rb8 {[%emt 0:00:37]} 28. Bc3 {[%emt 0:02:12]} Ra7 {[%emt 0:01:07]} 29. Bd4 {[%emt 0:07:27]} c5 {[%emt 0:00:41]} 30. Bf2 {[%emt 0:00:04]} Nef6 {[%emt 0:04:26]} 31. Rgd3 {[%emt 0:00:36]} h6 {[%emt 0:01:28]} 32. Bf3 {[%emt 0:02:37]} e5 {[%emt 0:01:20]} 33. Rc3 {[%emt 0:02:26]} Ra5 {[%emt 0:03:01]} 34. Rdc1 {[%emt 0:00:58]} Rc8 {[%emt 0:00:19]} 35. Rb1 {[%emt 0:03:36]} Rc7 {[%emt 0:01:06]} 36. Be3 {[%emt 0:01:54]} g5 {[%emt 0:07:11]} 37. h3 {[%emt 0:00:04]} Kg7 {[%emt 0:00:29]} 38. Rbc1 {[%emt 0:00:04]} Kg6 {[%emt 0:01:35]} 39. g4 {[%emt 0:00:03]} Kg7 {[%emt 0:05:33]} 40. Kg2 {[%emt 0:00:26]} Nh7 {[%emt 0:01:26]} 41. Rd3 {[%emt 0:04:42]} Nhf8 {[%emt 0:00:39]} 42. Rcd1 {[%emt 0:01:01]} Raa7 {[%emt 0:02:07]} 43. Rc1 {[%emt 0:02:39]} Ne6 {[%emt 0:00:19]} 44. Rdc3 {[%emt 0:00:04]} Ra5 {[%emt 0:02:40]} 45. Rd1 {[%emt 0:00:49]} Rca7 {[%emt 0:00:43]} 46. Rd5 {[%emt 0:01:13]} Rxa3 {[%emt 0:00:49]} 47. Rxa3 {[%emt 0:03:51]} Rxa3 {[%emt 0:00:07]} 48. Kf2 {[%emt 0:00:32]} Ra7 {[%emt 0:01:28]} 49. Be2 {[%emt 0:00:54]} Rb7 {[%emt 0:04:47]} 50. Ba6 {[%emt 0:00:21]} Rc7 {[%emt 0:00:56]} 51. Bb5 {[%emt 0:00:02]} Nef8 {[%emt 0:00:31]} 52. Ke2 {[%emt 0:01:16]} f6 {[%emt 0:00:14]} 53. Rd6 {[%emt 0:00:33]} Kf7 {[%emt 0:00:25]} 54. Bc4+ {[%emt 0:00:31]} Ke7 {[%emt 0:00:02]} 55. Ra6 {[%emt 0:00:03]} Ng6 {[%emt 0:02:50]} 56. Re6+ {[%emt 0:00:47]} Kd8 {[%emt 0:01:44]} 57. Bb5 {[%emt 0:00:56]} Ngf8 {[%emt 0:00:04]} 58. Ra6 {[%emt 0:00:48]} Rb7 {[%emt 0:00:24]} 59. Bc4 {[%emt 0:01:17]} Rb6 {[%emt 0:01:49]} 60. Ra7 {[%emt 0:01:37]} Ne6 {[%emt 0:00:51]} 61. Ra8+ {[%emt 0:00:03]} Ke7 {[%emt 0:00:20]} 62. Rh8 {[%emt 0:00:33]} Nd4+ {[%emt 0:00:59]} 63. Kd3 {[%emt 0:00:02]} Rb4 {[%emt 0:00:41]} 64. Rh7+ {[%emt 0:00:23]} Ke8 {[%emt 0:01:23]} 65. Rh8+ {[%emt 0:01:02]} Ke7 {[%emt 0:00:01]} 66. Rh7+ {[%emt 0:00:05]} Kd8 {[%emt 0:00:10]} 67. Rxh6 {[%emt 0:01:59]} Nb6 {[%emt 0:00:01]} 68. Bd5 {[%emt 0:02:44]} c4+ {[%emt 0:00:23]} 69. Kd2 {[%emt 0:01:16]} Ke7 {[%emt 0:01:02]} 70. h4 {[%emt 0:00:13]} gxh4 {[%emt 0:00:10]} 71. g5 {[%emt 0:00:13]} Nxd5 {[%emt 0:00:11]} 72. exd5 {[%emt 0:00:46]} fxg5 {[%emt 0:01:07]} 73. Bxg5+ {[%emt 0:00:23]} Kd7 {[%emt 0:00:01]} 74. Rh7+ {[%emt 0:00:31]} Kc8 {[%emt 0:00:53]} 75. d6 {[%emt 0:00:33]} Rb7 {[%emt 0:00:03]} 76. Rh8+ {[%emt 0:00:44]} Kd7 {[%emt 0:00:01]} 77. Rh7+ {[%emt 0:00:24]} Kc6 {[%emt 0:00:03]} 78. Rxb7 {[%emt 0:00:13]} Kxb7 {[%emt 0:00:01]} 79. d7 {[%emt 0:00:05]} Ne6 {[%emt 0:00:21]} 80. Bxh4 {[%emt 0:00:06]} Kc7 {[%emt 0:00:13]} 81. Kc3 {[%emt 0:00:22]} 1/2-1/2

[Event "4th EFE Metz Festival-IM"]
[Site "Metz"]
[Date "2018.07.25"]
[Round "4"]
[White "Harutyunyan, Ruben"]
[Black "Gatineau, Yovann"]
[Result "1/2-1/2"]
[WhiteElo "2303"]
[BlackElo "2373"]
[Annotator "NA"]
[PlyCount "77"]
[EventDate "2018.07.22"]
[EventType "tourn"]
[EventCountry "FRA"]
[SourceTitle "playchess.com"]
[Source "ChessBase"]
[SourceQuality "1"]
[TimeControl "5400+30"]

1. e4 {[%emt 0:00:00]} c5 {[%emt 0:42:26]} 2. Nf3 {[%emt 0:00:00]} d6 {[%emt 0:00:07]} 3. d4 {[%emt 0:00:00]} Nf6 {[%emt 0:00:07]} 4. Nc3 {[%emt 0:00:00]} cxd4 {[%emt 0:00:08]} 5. Nxd4 {[%emt 0:00:00]} a6 {[%emt 0:00:12]} 6. Be2 {[%emt 0:00:00]} e5 {[%emt 0:00:05]} 7. Nf3 {[%emt 0:00:00]} Be7 {[%emt 0:00:57]} 8. Bg5 {[%emt 0:00:00]} Nbd7 {[%emt 0:02:14]} 9. a4 {[%emt 0:00:02]} O-O {[%emt 0:02:03]} 10. Nd2 {[%emt 0:00:16]} h6 {[%emt 0:05:33]} 11. Bh4 {[%emt 0:02:35]} d5 {[%emt 0:00:13]} 12. exd5 {[%emt 0:00:42]} Nxd5 {[%emt 0:00:26]} 13. Bxe7 {[%emt 0:00:20]} Nxe7 {[%emt 0:00:17]} 14. Nc4 {[%emt 0:00:19]} Nc6 {[%emt 0:01:29]} 15. Qd6 {[%emt 0:03:49]} Nf6 {[%emt 0:02:25]} 16. O-O-O {[%emt 0:01:45]} Be6 {[%emt 0:00:18]} 17. Qxd8 {[%emt 0:03:43]} Rfxd8 {[%emt 0:02:36]} 18. Rxd8+ {[%emt 0:04:56]} Rxd8 {[%emt 0:00:14]} 19. Rd1 {[%emt 0:00:38]} Rd4 {[%emt 0:15:06]} 20. Nd6 {[%emt 0:22:02]} Rb4 {[%emt 0:00:02]} 21. b3 {[%emt 0:11:40]} Kf8 {[%emt 0:06:00]} 22. Bc4 {[%emt 0:05:52]} Bxc4 {[%emt 0:06:09]} 23. Nxc4 {[%emt 0:00:42]} b5 {[%emt 0:00:05]} 24. axb5 {[%emt 0:08:11]} axb5 {[%emt 0:00:05]} 25. Nb6 {[%emt 0:05:34]} Rh4 {[%emt 0:03:21]} 26. Nxb5 {[%emt 0:12:39]} Rxh2 {[%emt 0:00:11]} 27. Rd6 {[%emt 0:01:45]} Nd4 {[%emt 0:00:12]} 28. Nxd4 {[%emt 0:01:15]} exd4 {[%emt 0:00:05]} 29. Rxd4 {[%emt 0:02:37]} Rxg2 {[%emt 0:00:04]} 30. c4 {[%emt 0:00:08]} Rg4 {[%emt 0:05:07]} 31. Rd3 {[%emt 0:02:35]} Ke7 {[%emt 0:00:41]} 32. c5 {[%emt 0:00:46]} Rb4 {[%emt 0:00:44]} 33. Nc8+ {[%emt 0:04:35]} Ke6 {[%emt 0:00:16]} 34. c6 {[%emt 0:00:27]} Rb5 {[%emt 0:04:19]} 35. Re3+ {[%emt 0:02:54]} Re5 {[%emt 0:01:44]} 36. Rxe5+ {[%emt 0:03:50]} Kxe5 {[%emt 0:00:06]} 37. b4 {[%emt 0:00:10]} Kd5 {[%emt 0:01:51]} 38. b5 Ke5 39. Ne7 {Kd5} 1/2-1/2

[Event "4th EFE Metz Festival-IM"]
[Site "Metz"]
[Date "2018.07.25"]
[Round "4"]
[White "Adrian, Claude"]
[Black "Murdzia, Piotr"]
[Result "0-1"]
[WhiteElo "2267"]
[BlackElo "2410"]
[Annotator "TA"]
[PlyCount "112"]
[EventDate "2018.07.22"]
[EventType "tourn"]
[EventCountry "FRA"]
[SourceTitle "playchess.com"]
[Source "ChessBase"]
[SourceQuality "1"]

{[%evp 12,112,12,19,46,37,35,0,0,0,-24,-13,12,16,16,13,19,22,16,20,15,0,10,13,13,14,15,0,0,0,0,0,0,0,0,0,20,0,0,0,0,0,0,-17,-17,-27,-5,-5,-5,-5,-6,-6,0,0,0,0,0,-23,0,0,0,0,0,0,0,0,8,8,18,0,54,-91,-80,-34,-52,-122,-95,-84,-97,-83,-80,-596,-596,-552,-476,-1015,-584,-29968,-29970,-29970,-29971,-29971,-29971,-29971,-29972,-29973,-29972,-29974,-29974,-29977,-29976,-29973,-29972]} 1. c4 c6 2. e4 d5 3. exd5 cxd5 4. d4 Nf6 5. Nc3 e6 6. c5 b6 7. b4 {LiveBook: 21 Games. B14: Caro-Kann: Panov-Botvinnik Attack with 5...e6 and 5...g6} Ne4 8. Qc2 $146 ({Predecessor:} 8. Nxe4 dxe4 9. Be3 Be7 10. Qa4+ Bd7 11. b5 a5 12. a3 O-O 13. Rc1 Bc8 14. c6 Qd6 {1-0 (30) Loncar,R (2417)-Bosnjak,N (2180) Rabac 2003}) 8... Nc6 9. Bb5 (9. Nxe4 $14 Nxd4 10. Qa4+ Qd7 11. c6 Nxc6 12. b5) 9... Bd7 $11 10. Bxc6 $1 Bxc6 11. Nge2 Nxc3 12. Nxc3 bxc5 13. bxc5 Qh4 14. Qd3 Be7 15. O-O O-O 16. g3 Qg4 17. Bf4 g5 18. f3 Qh3 19. Be5 f6 20. Bd6 Bxd6 21. cxd6 Rad8 22. Qa6 Rxd6 23. Qxa7 e5 (23... Be8 {looks sharper.} 24. a4 Qf5 25. Nb5 Rc6 26. Rf2 Qg6) 24. Rab1 (24. dxe5 {keeps more tension.} fxe5 25. Qe7 Re6 26. Qxg5+ Kh8 27. Rae1) 24... Qd7 25. Qxd7 Rxd7 26. Rfd1 Rc8 27. Rb3 Kf7 28. Kf2 Bb7 29. Rd2 Rc4 30. dxe5 fxe5 31. Ne4 Ke7 32. Nxg5 h6 33. Nh3 d4 34. Rb6 Rc3 35. Ng1 $36 {[%mdl 2048] White has good play.} Bc6 36. Rb3 Rc4 37. g4 Kd6 38. Ne2 Kc5 39. Ng3 Bd5 40. h4 Rc3 (40... Ra7 $11) 41. Ne4+ (41. Rxc3+ $1 $14 {keeps the upper hand.} dxc3 42. Rc2) 41... Bxe4 $1 $17 42. fxe4 {[%mdl 4096] Endgame Hoping for Rxc3+. KRR-KRR} Rf7+ 43. Ke2 {[#]} (43. Ke1 $15) 43... Rxb3 $1 44. axb3 {[#] KR-KR} Rf4 $1 {[%cal Rf4e4]} 45. Rc2+ Kb4 46. Rc6 $2 {[%mdl 8192]} (46. Kd3 $17 {keeps some hope.}) 46... Rxe4+ $19 47. Kd3 Rxg4 48. Rxh6 (48. Re6 $142 Rg3+ 49. Kd2) 48... Rg3+ 49. Ke4 Re3+ {Black mates.} 50. Kf5 d3 {[%cal Bd4d3,Bd3d2][%mdl 32]} 51. Rd6 Kxb3 52. h5 Kc2 53. Rc6+ Kd1 54. h6 d2 55. Re6 Kc2 56. Rc6+ Kd3 {Precision: White = 41%, Black = 68%.} ({Not} 56... Rc3 57. Rxc3+ Kxc3 58. h7 $17) 0-1

[Event "4th EFE Metz Festival-IM"]
[Site "Metz"]
[Date "2018.07.25"]
[Round "4"]
[White "Le Corre, Benjamin"]
[Black "Villegas, Pierre"]
[Result "0-1"]
[WhiteElo "2257"]
[BlackElo "2376"]
[Annotator "NA"]
[PlyCount "60"]
[EventDate "2018.07.22"]
[EventType "tourn"]
[EventCountry "FRA"]
[SourceTitle "playchess.com"]
[Source "ChessBase"]
[SourceQuality "1"]
[TimeControl "5400+30"]

1. e4 {[%emt 0:00:00]} c6 {[%emt 0:00:00]} 2. d4 {[%emt 0:00:00]} d5 {[%emt 0:00:00]} 3. exd5 {[%emt 0:00:00]} cxd5 {[%emt 0:00:00]} 4. Bd3 {[%emt 0:00:00]} Nc6 {[%emt 0:00:19]} 5. c3 {[%emt 0:00:00]} Nf6 {[%emt 0:02:09]} 6. Bf4 {[%emt 0:01:20]} Bg4 {[%emt 0:00:11]} 7. Qb3 {[%emt 0:00:28]} Qc8 {[%emt 0:00:06]} 8. Nd2 {[%emt 0:02:20]} e6 {[%emt 0:00:09]} 9. Ngf3 {[%emt 0:02:02]} Be7 {[%emt 0:03:19]} 10. Ne5 {[%emt 0:04:24]} Bh5 {[%emt 0:07:28]} 11. Nf1 {[%emt 0:09:39]} Nd7 {[%emt 0:08:15]} 12. Ng3 {[%emt 0:07:10]} Bg6 {[%emt 0:07:58]} 13. Nxg6 {[%emt 0:01:27]} hxg6 {[%emt 0:00:05]} 14. Qc2 {[%emt 0:11:22]} Nf6 {[%emt 0:04:48]} 15. Be5 {[%emt 0:03:09]} Nxe5 {[%emt 0:03:37]} 16. dxe5 {[%emt 0:00:09]} Nd7 {[%emt 0:00:04]} 17. Qe2 {[%emt 0:07:46]} a6 {[%emt 0:02:59]} 18. O-O {[%emt 0:06:19]} Qc7 {[%emt 0:09:09]} 19. Rfe1 {[%emt 0:06:38]} Rh4 {[%emt 0:01:51]} 20. Nf1 {[%emt 0:00:41]} O-O-O {[%emt 0:09:00]} 21. Rac1 {[%emt 0:04:33]} Rh5 {[%emt 0:07:45]} 22. c4 {[%emt 0:09:00]} d4 {[%emt 0:00:43]} 23. f4 {[%emt 0:00:19]} a5 {[%emt 0:05:41]} 24. a3 {[%emt 0:00:41]} a4 {[%emt 0:02:05]} 25. c5 {[%emt 0:05:56]} Nxc5 {[%emt 0:01:25]} 26. Rc4 {[%emt 0:00:05]} Kb8 {[%emt 0:01:43]} 27. Rec1 {[%emt 0:00:47]} Qa5 {[%emt 0:02:10]} 28. Nd2 {[%emt 0:01:17]} Rhh8 {[%emt 0:02:15]} 29. R1c2 {[%emt 0:06:32]} Rd5 {[%emt 0:04:34]} 30. Ne4 {[%emt 0:01:44]} Nxd3 {[%emt 0:01:25]} 0-1

[Event "4th EFE Metz Festival-IM"]
[Site "Metz"]
[Date "2018.07.26"]
[Round "5"]
[White "Murdzia, Piotr"]
[Black "Le Corre, Benjamin"]
[Result "1-0"]
[WhiteElo "2410"]
[BlackElo "2257"]
[Annotator "TA"]
[PlyCount "197"]
[EventDate "2018.07.22"]
[EventType "tourn"]
[EventCountry "FRA"]
[SourceTitle "playchess.com"]
[Source "ChessBase"]
[SourceQuality "1"]

{[%evp 19,197,84,67,62,59,55,89,92,95,70,87,79,95,92,103,99,118,114,105,118,135,127,193,170,202,172,264,251,274,254,301,264,316,304,291,316,320,316,300,311,284,316,299,295,241,127,173,65,65,65,65,66,125,18,95,95,135,151,177,155,160,85,185,185,185,170,170,170,170,170,170,170,170,170,185,170,185,161,254,170,185,185,177,170,185,185,233,170,188,0,233,232,220,170,210,185,247,185,250,185,200,185,385,0,185,185,239,185,394,185,476,181,388,0,185,185,394,185,185,0,394,170,185,163,170,163,163,163,170,170,170,168,162,141,141,141,185,185,185,151,185,185,185,178,177,163,163,163,163,163,602,557,1272,1247,1619,3164,2535,2318,4133,1103,1076,1047,2536,2325,2220,2127,2029,1761,1335,1296,29981,29982,29986,29986,29986,29987,29989,29990,29990,29991]} 1. d4 Nf6 2. c4 g6 3. Nc3 Bg7 4. e4 d6 5. Nf3 O-O 6. h3 c5 7. d5 e6 8. Bd3 Re8 9. O-O Na6 10. Re1 Nc7 {LiveBook: 41 Games} 11. a3 {E90: King's Indian: Classical: Early deviations and 6 h3} b6 $146 ({Predecessor:} 11... exd5 12. cxd5 b5 13. Bg5 c4 14. Bf1 h6 15. Bf4 a5 16. Qc2 Bb7 17. Rad1 Rc8 18. b4 cxb3 19. Qxb3 {1-0 (30) Timofeev,A (2650)-Chatalbashev,B (2570) Plovdiv 2012}) 12. Bf4 Nh5 13. Bg5 {White is better.} Bf6 14. Bd2 e5 15. Bf1 Ng7 16. b4 Be7 17. Rb1 Na6 18. Bd3 {[%cal Bf1d3,Bd3c2,Bc2a4][%mdl 32]} f5 19. Bc2 Rf8 20. Ba4 g5 (20... Bd7 $16 21. Bc6 Bxc6) 21. exf5 Bxf5 22. Bc2 Bd7 (22... g4 $142) 23. g4 Qc8 24. Nxg5 (24. Bxg5 Bxg4 25. Qd3 Bf5 $11) 24... cxb4 25. axb4 Bxg5 26. Bxg5 Qxc4 27. Qd3 Qxd3 28. Bxd3 Rf3 29. Re3 ({Weaker is} 29. Bxa6 Rxc3 30. Re3 Rxe3 $16) 29... Rxe3 30. fxe3 ({Don't play} 30. Bxe3 $6 Nc7 $18) 30... Nc7 31. Be7 Nge8 32. b5 (32. Rf1 $18) 32... Rc8 33. Rb3 (33. Rf1 $18) 33... Kf7 $14 34. Bg5 Nf6 35. Ra3 Nce8 ({Black should play} 35... Ncxd5 $14 36. Nxd5 Nxd5) 36. e4 (36. Bxf6 $1 $16 Nxf6 37. g5) 36... Rc7 (36... h5 $1 $11 {remains equal.}) 37. Be3 $1 $36 {[%mdl 2048] White is really pushing.} h5 38. g5 Ng8 39. h4 Ne7 40. Kf2 (40. Na2 $142 $1) 40... Kg6 (40... Bg4 $16) 41. Na2 $18 Nc8 42. Kg2 Bg4 43. Bd2 Rf7 44. Bf1 Rc7 45. Nb4 Kg7 46. Nc6 Kg6 47. Bc4 Kg7 48. Bc3 {Black must now prevent Nxe5!} Kg6 (48... Rf7 $142 49. Bb2 Rf8) 49. Bf1 Kf7 50. Bb4 Kg7 51. Be1 Kg6 52. Bg3 Kf7 53. Kg1 Kg6 54. Kg2 Kf7 $1 55. Bc4 Kg6 56. Kg1 Rb7 57. Re3 Rc7 (57... Kh7 {was necessary.} 58. Ra3 Rf7) 58. Kg2 Rb7 (58... Kh7 $142 59. Be1 Rf7) 59. Bd3 Rc7 60. Re1 Rb7 $2 (60... Kh7 61. Rf1 Kg8) 61. Re3 (61. Bxe5 $142 dxe5 62. Nxe5+ Kg7 63. Nxg4 hxg4 64. e5) 61... Rc7 $1 62. Bf1 Rb7 (62... Kh7 {is a better defense.} 63. Ra3 Rf7) 63. Rc3 Rc7 $2 (63... Kg7 64. Ra3 Rf7) 64. Bd3 (64. Bxe5 $142 {Hoping for Bd4.} dxe5 65. Nxe5+ Kg7 66. Rxc7+ Nxc7 67. Nxg4 hxg4 68. Kg3) 64... Rb7 $2 {[#]} (64... Kh7 65. Ra3 Kg6) 65. Bc2 $2 (65. Bxe5 $1 {[%mdl 512]} Rf7 (65... dxe5 66. Nxe5+) 66. Bg3) 65... Rc7 $2 (65... Kg7 {might work better.} 66. Bf2 Rf7) 66. Bd3 $2 ({White must play} 66. Bxe5 $18 {Strongly threatening Bd4.} dxe5 67. Nxe5+ Kg7 68. Rxc7+ Nxc7 69. Nxg4 hxg4 70. h5) 66... Kf7 $2 (66... Rb7 $1 $11) 67. Kf2 Kg6 $2 {[#]} (67... Kg7 68. Ke3 Rf7) 68. Bf1 (68. Bxe5 $142 $1 {[%mdl 512] Threatens to win with Bf4.} dxe5 69. Nxe5+ Kg7 70. Rxc7+ Nxc7 71. Nxg4 hxg4 72. Kg3) 68... Rf7+ 69. Kg2 $2 (69. Ke1) 69... Rc7 $1 70. Bf2 (70. Bxe5 $142 {And now Bg3 would win.} dxe5 71. Nxe5+ Kg7 72. Rxc7+ Nxc7 73. Nxg4 hxg4 74. Kg3) 70... Rb7 71. Ra3 Kg7 72. Nd8 Rd7 73. Ne6+ Kf7 74. Rc3 Ne7 75. Kg3 Ng7 76. Nc7 Ne8 {[#]} 77. Na6 $1 Rd8 78. Nb4 Rd7 79. Be1 Rc7 80. Nc6 Nc8 81. Rc2 Kg7 82. Rf2 Rf7 83. Bc3 Rxf2 84. Kxf2 Nc7 $2 {[#]} (84... Kg8 85. Kg3 Kg7) 85. Nxe5 $1 {[%mdl 512]} Nxd5 (85... dxe5 86. Bxe5+) 86. exd5 dxe5 87. Bxe5+ {[%mdl 4096] Endgame KBB-KBN} Kf7 88. Bc4 Bf5 89. Ke3 (89. d6+ $142 Ke8 90. Bd5) 89... Ke8 90. Kf4 Bg6 91. Bb8 Bf7 92. Ke5 Ne7 93. Bxa7 Ng6+ 94. Kf6 Nxh4 95. Bxb6 {White mates.} Nf3 96. Bc7 Nd2 97. b6 Ne4+ 98. Ke5 Nc5 99. Bb5+ {Precision: White = 43%, Black = 28%.} 1-0